000
00317nam a2200121Ia 4500
008
220204s9999 xx 000 0 und d
082
_a
681.31MCS
_b
CAS
100
_a
Casad, Joe
245
0
_a
MCSE training guide : windows NT server 4
260
_a
New Delhi
_b
Techmedia
_c
1997
700
_a
Dalton, Wayne
942
_c
BK
999
_c
43906
_d
43906